Stufish: (Record no. 608599)

000 -LEADER
fixed length control field 00590nam a22002057a 4500
003 - CONTROL NUMBER IDENTIFIER
control field NUST
005 - DATE AND TIME OF LATEST TRANSACTION
control field 20240307105712.0
008 - FIXED-LENGTH DATA ELEMENTS--GENERAL INFORMATION
fixed length control field 240307b ||||| |||| 00| 0 eng d
020 ## - INTERNATIONAL STANDARD BOOK NUMBER
International Standard Book Number 9781119812241
038 ## - RECORD CONTENT LICENSOR
Staff Name Malang Jan
082 ## - DEWEY DECIMAL CLASSIFICATION NUMBER
Classification number 720.922
Author Mark STU
245 00 - TITLE STATEMENT
Title Stufish:
Remainder of title Entertainment Architecture/
Statement of responsibility, etc. Edited by Ray Winkler and Neil Spiller
260 ## - PUBLICATION, DISTRIBUTION, ETC.
Place of publication, distribution, etc. London:
Name of publisher, distributor, etc. Wiley;
Date of publication, distribution, etc. 2021.
300 ## - PHYSICAL DESCRIPTION
Extent 136p.:
Other physical details ill;
440 1# - SERIES STATEMENT/ADDED ENTRY--TITLE
Title Architectural design
Volume/sequential designation v. 91, no. 06
9 (RLIN) 33235
650 ## - SUBJECT ADDED ENTRY--TOPICAL TERM
Source of heading or term Architectural design
700 1# - ADDED ENTRY--PERSONAL NAME
Personal name Winkler,Ray
9 (RLIN) 121959
700 1# - ADDED ENTRY--PERSONAL NAME
Relator code Spiller,Neil
942 ## - ADDED ENTRY ELEMENTS (KOHA)
Source of classification or shelving scheme
Koha item type Book
Holdings
Withdrawn status Lost status Source of classification or shelving scheme Damaged status Not for loan Permanent Location Current Location Date acquired Source of acquisition Total Checkouts Full call number Barcode Date last seen Cost, replacement price Price effective from Koha item type
          School of Art Design and Architecture (SADA) School of Art Design and Architecture (SADA) 06/13/2022 Golden Books   720.922 STU 2021 SADA0002949 03/07/2024 5818.00 03/07/2024 Book
© 2023 Central Library, National University of Sciences and Technology. All Rights Reserved.